00410pab a2200133 454500008004000000100001700040245009300057260000900150300001300159650002400172650003600196650001800232773002600250180718b1998 xxu||||| |||| 00| 0 eng d aKhuanga, Rev aRelevance of customary law and justice in the changing socio-economic context of Mizoram c1998 ap.31-37. aLaw-India - Mizoram aCustomary law - India - Mizoram aCustomary law aAdministrative Review